000 01820nam a22003017a 4500
005 20101102143642.0
008 101102t xxu||||| |||| 00| 0 hin d
010 _aHIN-90941 B-436771-772
020 _c450.00
_a8188536629
035 _aHN-63287 B-436771-772
037 _bDBAD / PUB
037 _bRBC/Ven
040 _aDPL
_bHN
082 _a954.08
100 _924105
245 _aभारत का ब्रिटिश कालीन इतिहास /
_cहरि एम. चौगांवकर एवं नंदा एच. दास द्वारा संपादित
260 _aदिल्ली
_bगुरूकुल विद्यापीठ प्रकाशन
_c2010
270 _aसी-9/96 यमुना विहार
_bदिल्ली
_e110053
300 _a344पृ.
_c22सेमी (सजिल्द)
650 _91169
700 _924106
_aचौगांवकर, हरि एम.
700 _924111
_aनंदा एच.दास
942 _2ddc
_cHN
_h954.08
_mभारत
999 _c48547
_d48547